000 00616nam a22001697a 4500
020 _qHard Cover.
082 _a610.28
100 _aTahir, Rabbiya
245 _aDRUG DELIVERY SYSTEM OF DICLOFENAC SODIUM AND ITS APPLICATIONS IN THE TREATMENT OF INFLAMMATION AND EDEMA /
_cRabbiya Tahir.
260 _aIslamabad:
_bSMME - NUST.
_c2017.
300 _a37 p.: ill.;
_c30cm.
650 _aBio Medical Engineering MS-Thesis.
_916123
700 _aDr. Nosheen FAtima
_916094
856 _uhttp://10.250.8.41:8080/xmlui/handle/123456789/6751
942 _2ddc
_cTHE
999 _c529380
_d529380